Quantitative Aptitude/ (Record no. 207779)

MARC details
000 -LEADER
fixed length control field 00790nam a22002537a 4500
005 - DATE AND TIME OF LATEST TRANSACTION
control field 20241218113901.0
010 ## - LCCN (DPL NO)
LC control number ENG-143065
020 ## - INTERNATIONAL STANDARD BOOK NUMBER
Terms of availability 635.00
International Standard Book Number 9788179307991
020 ## - INTERNATIONAL STANDARD BOOK NUMBER
International Standard Book Number 8179307999
035 ## - SYSTEM CONTROL NUMBER
System control number EN-126597
037 ## - SOURCE OF ACQUISITION
Source of stock number/acquisition DBAD
082 ## - DEWEY DECIMAL CLASSIFICATION NUMBER
Classification number 000
Edition number 9
100 ## - MAIN ENTRY--PERSONAL NAME
Personal name Rashmi, C.
245 ## - TITLE STATEMENT
Title Quantitative Aptitude/
Statement of responsibility, etc By C. Rashmi...[et.al]
250 ## - EDITION STATEMENT
Edition statement 9
260 ## - PUBLICATION, DISTRIBUTION, ETC. (IMPRINT)
Place of publication, distribution, etc New Delhi
Name of publisher, distributor, etc Spectrum Books Pvt. Ltd.
Date of publication, distribution, etc 2022
270 ## - ADDRESS
City New Delhi
Address A1 291, First Floor, Janakpuri, New Delhi
Postal code 110058
300 ## - PHYSICAL DESCRIPTION
Extent 864p.
Dimensions 24cm(pb)
500 ## - GENERAL NOTE
General note For Bank PO/MT and Other Competitive Examination
700 ## - ADDED ENTRY--PERSONAL NAME
Personal name Govind, Usha
Relator term Author
9 (RLIN) 75311
700 ## - ADDED ENTRY--PERSONAL NAME
Personal name Sharma, Sandesh
Relator term Author
9 (RLIN) 75312
700 ## - ADDED ENTRY--PERSONAL NAME
Personal name Rajeshwari, V.
Relator term Author
9 (RLIN) 75313
942 ## - ADDED ENTRY ELEMENTS (KOHA)
Source of classification or shelving scheme Dewey Decimal Classification
Item type English Books
Classification part 000
Call number suffix RAS
Edition 9
Holdings
Withdrawn status Lost status Not for loan Collection code Home library Current library Date acquired Source of acquisition Cost, normal purchase price Full call number Barcode Copy number Cost, replacement price Koha item type
      Non-fiction Central Library Central Library 18/12/2024 Delivery of Books Division 635.00 000 RAS EN-126597 1 635.00 English Books

© Delhi Public Library
Hit Counter
free hit counter